Countries Bordering 'R' Countries - Statistics

General Stats
  • This quiz has been taken 946 times
  • The average score is 21 of 26
Answer Stats
Country % Correct
Ukraine
96%
China
93%
Kazakhstan
90%
Mongolia
90%
Belarus
89%
Bulgaria
89%
D.R. Congo
89%
Estonia
87%
Latvia
87%
Moldova
87%
Burundi
86%
Finland
86%
Lithuania
86%
Georgia
85%
Uganda
85%
Hungary
84%
North Korea
83%
Azerbaijan
80%
Poland
80%
Serbia
78%
Tanzania
78%
Norway
73%
C.A.R.
64%
Angola
58%
Gabon
55%
Cameroon
54%
No matching quizzes found
Score Distribution
Percent of People with Each Score
Percentile by Number Answered
Your Score History
You have not taken this quiz